Normal view
MARC view
- Naiem Abdul Bhati
Entry Personal Name
001 - CONTROL NUMBER
- control field: 9487
003 - CONTROL NUMBER IDENTIFIER
- control field: NUST
005 - DATE AND TIME OF LATEST TRANSACTION
- control field: 20180122135013.0
008 - FIXED-LENGTH DATA ELEMENTS
- fixed length control field: 180122|| aca||aabn | a|a d
040 ## - CATALOGING SOURCE
- Original cataloging agency: NUST
- Transcribing agency: NUST
100 ## - HEADING--PERSONAL NAME
- Personal name: Naiem Abdul Bhati
670 ## - SOURCE DATA FOUND
- Source citation: Work cat.: (NUST)321502: Naiem Abdul Bhati, Kamyabi ka Raaz, 2012
